NBA 2k Front Covers (AMERICAN EDITION) - Statistics

General Stats
  • This quiz has been taken 432 times
  • The average score is 16 of 26
Answer Stats
Nba Answer % Correct
2k Allen Iverson
90%
2k1 Allen Iverson
90%
2k2 Allen Iverson
90%
2k3 Allen Iverson
90%
2k4 Allen Iverson
90%
2k10 Kobe Bryant
85%
2k17 LEGEND EDITION Kobe Bryant
85%
2k14 LeBron James
83%
2k13 Kevin Durant
76%
2k15 Kevin Durant
76%
2k16 Stephen Curry
71%
2k17 Paul George
68%
2k16 James Harden
66%
2k6 Shaquille O'Neal
63%
2k7 Shaquille O'Neal
63%
2k16 Anthony Davis
61%
2k13 Derrick Rose
58%
2k9 Kevin Garnett
58%
2k8 Chris Paul
53%
2k5 Ben Wallace
51%
2k13 Blake Griffin
51%
2k12 Larry Bird
41%
2k12 Magic Johnson
39%
2k11 Michal Jordan
16%
2k12 Michal Jordan
16%
2k16 SPECIAL EDITION Michal Jordan
16%
No matching quizzes found
Score Distribution
Percent of People with Each Score
Percentile by Number Answered
Your Score History
You have not taken this quiz